| 000 | 00616cam a2200205 a 4500 | ||
|---|---|---|---|
| 005 | 20251203114757.0 | ||
| 008 | 250721s2006 le gr 000 0 ara d | ||
| 020 | _a9953322813 | ||
| 082 | 1 | 4 |
_a214.1 _bب ل ك |
| 100 | 1 |
_aبلكا، إلياس _eمؤلف. |
|
| 245 | 1 | 2 |
_aالغيب والمستقبل / _cمؤلف. |
| 250 | _aالطبعة الاولى. | ||
| 264 | 3 | 1 |
_aبيروت : _bمؤسسة الرسالة، _c2006. |
| 300 | _a408 صفحة. | ||
| 650 | 1 | 7 | _aالعقيده الدينيه. |
| 650 | 1 | 7 | _aالتنبا. |
| 653 | _aعلم الغيب | ||
| 942 |
_2ddc _cBK |
||
| 999 |
_c116212 _d116212 |
||